| Tag |
First Indicator |
Second Indicator |
Subfields |
| LEADER |
00000cam a2200000Ii 4500 |
| 001 |
in00000006189 |
| 005 |
20190422095658.0 |
| 007 |
he bmb024bbca |
| 008 |
990826s1999 dcuabf bb f000 0 eng d |
| 019 |
|
|
|a 1013329995
|
| 035 |
|
|
|a (OCoLC)ocm42670805
|
| 035 |
|
|
|a (OCoLC)42670805
|z (OCoLC)1013329995
|
| 040 |
|
|
|a GPO
|b eng
|e rda
|c GPO
|d OCLCQ
|d OCLCF
|d OCLCO
|d OCLCQ
|d TXA
|d UtOrBLW
|
| 043 |
|
|
|a n-us-tx
|
| 049 |
|
|
|a TXAM
|
| 050 |
|
4 |
|a GB1399.2
|
| 074 |
|
|
|a 0594-C-43 (MF)
|
| 086 |
0 |
|
|a FEM 1.209/43:485468
|
| 245 |
0 |
0 |
|a Flood insurance study.
|p City of Friendswood, Texas, Galveston and Harris, counties.
|
| 246 |
3 |
0 |
|a City of Friendswood, Texas, Galveston and Harris, counties
|
| 250 |
|
|
|a Revised September 22, 1999.
|
| 264 |
|
1 |
|a [Washington, D.C.] :
|b Federal Emergency Management Agency,
|c [1999]
|
| 300 |
|
|
|a ii, 36 pages, 1 unnumbered pages, 11 folded leaves of plates :
|b illustrations, map
|
| 336 |
|
|
|a text
|b txt
|2 rdacontent
|
| 337 |
|
|
|a microform
|b h
|2 rdamedia
|
| 338 |
|
|
|a microfiche
|b he
|2 rdacarrier
|
| 500 |
|
|
|a Title from cover.
|
| 500 |
|
|
|a Location map on cover.
|
| 500 |
|
|
|a "Community number - 485468."
|
| 500 |
|
|
|a Shipping list number: 99-0773-M.
|
| 504 |
|
|
|a Includes bibliographical references (pages 31-35).
|
| 533 |
|
|
|a Microfiche.
|b [Washington, D.C.] :
|c United States Government Printing Office,
|d [1999].
|e 12 microfiche : negative.
|
| 650 |
|
0 |
|a Flood forecasting
|z Texas
|z Galveston County.
|
| 650 |
|
0 |
|a Flood forecasting
|z Texas
|z Harris County.
|
| 650 |
|
0 |
|a Flood forecasting
|z Texas
|z Friendswood.
|
| 650 |
|
0 |
|a Flood insurance
|z Texas
|z Galveston County.
|
| 650 |
|
0 |
|a Flood insurance
|z Texas
|z Harris County.
|
| 650 |
|
0 |
|a Flood insurance
|z Texas
|z Friendswood.
|
| 650 |
|
7 |
|a Flood insurance.
|2 fast
|0 (OCoLC)fst01715819
|
| 651 |
|
0 |
|a Galveston County (Tex.)
|0 http://id.loc.gov/authorities/names/n79145408
|
| 651 |
|
0 |
|a Harris County (Tex.)
|0 http://id.loc.gov/authorities/names/n81054004
|
| 651 |
|
0 |
|a Friendswood (Tex.)
|0 http://id.loc.gov/authorities/names/n84009180
|
| 651 |
|
7 |
|a Texas
|z Galveston County.
|2 fast
|0 (OCoLC)fst01207158
|
| 651 |
|
7 |
|a Texas
|z Harris County.
|2 fast
|0 (OCoLC)fst01213346
|
| 655 |
|
7 |
|a Technical reports.
|2 lcgft
|0 http://id.loc.gov/authorities/genreForms/gf2015026093
|
| 710 |
1 |
|
|a United States.
|b Federal Emergency Management Agency,
|e issuing body.
|0 http://id.loc.gov/authorities/names/n78090715
|
| 776 |
0 |
8 |
|i Print version:
|t Flood insurance study. City of Friendswood, Texas, Galveston and Harris, counties
|
| 856 |
4 |
1 |
|z Available online at HathiTrust:
|u http://hdl.handle.net/2027/txa.ark:/81423/m3xj5h
|t 0
|
| 949 |
|
|
|a updated
|b h
|c 2019/2/8
|e spoltoratski
|f 11:45:53 am
|
| 994 |
|
|
|a C0
|b TXA
|
| 999 |
f |
f |
|s 91ffc8d8-36af-33f7-bc76-40f3c26ce032
|i 9640c211-8218-3b51-894b-a1d4f61c0e90
|t 0
|
| 952 |
f |
f |
|a Texas A&M University
|b College Station
|c Electronic Resources
|d Available Online
|t 0
|e FEM 1.209/43:485468
|g Electronic
|h Superintendent of Documents classification
|
| 998 |
f |
f |
|a FEM 1.209/43:485468
|t 0
|l Available Online
|